000 00495nam a2200157Ia 4500
008 210716s2004 xx 000 0 und d
020 _a8176497312
041 _aeng
082 _a658.402 JUDD
100 _aJude-York, Deborah; Davis, Lauren d; Wise, Susan L.
245 _aVirtual teaming: breaking the boundaries of time and place.
_bBreaking the boundaries of time and place.
250 _a1
260 _aNew Delhi
_bViva Books
_c2004
300 _avii,109
650 _aGeneral Management
999 _c202745
_d202745